| 000 | 00598nam a22001817a 4500 | ||
|---|---|---|---|
| 999 |
_c175368 _d175368 |
||
| 005 | 20200826155046.0 | ||
| 010 | _aENG-128381 | ||
| 020 |
_c499.00 _a9789353948436 |
||
| 035 | _aEN-111913 | ||
| 037 | _bDBAD/PUB | ||
| 082 | _a658.4033 | ||
| 100 | _aMathew,Regi | ||
| 245 |
_aBusiness Analytics for Decisio Making/ _cby Regi Mathew |
||
| 260 |
_aNoida _bPearson _c2020 |
||
| 270 |
_a15th floor,Tower-B,Word Trade Tower,Plot no.1,Block-C sec 16, _bNoida _e201301 _k04466540100 _mcompanysecretary.india@pearson.com |
||
| 300 |
_a320p. _c25cm(pbk) |
||
| 942 |
_2ddc _cEN _h658.4033 _mMAT |
||